000 005110000a22001810004500
003 MACL
005 20160413173943.0
008 160413b xxu||||| |||| 00| 0 eng d
040 _aMACL
_cMACL
041 _aHindi
082 _a891.433
100 _aडॉ शिवमूर्ति शर्मा
_952354
245 _aताल बेताल
260 _bशब्‍द भारती
_c1996
_aइलाहाबाद
350 _a250
650 _aNovel
_952355
942 _cHIN
_k800/SHA/N
_2ddc
999 _c10555
_d10555